000 00350 a2200169 4500
001 170124
020 _a85-08-06377-6
040 _cMagnum
100 _aStevenson, Robert Louis
240 1 0 _aRaptado
_lpor
245 1 0 _aRaptado
300 _a244
362 0 _a1997
440 1 _aÁtica
697 _aLITERATURA GERAL ESTRANGEIRA
942 _cBK
999 _c170124
_d170124